000 01290nam a22003137c 4500
003 EG-GICUC
005 20260203080156.0
008 260203s1908 -uk||||fr|||| 001 0 eng d
040 _aEG-GiCUC
_beng
_cEG-GiCUC
_dEG-GiCUC
_erda
041 0 _aeng
082 0 4 _221
_a341.8
_bPI . F
092 0 4 _221
099 _aLaw 12 341.8 PI . F 1908
100 1 _aPiggott, Francis
_eAuthor.
245 1 0 _aForeign Judgments And Jurisdiction.
_nPart I ,
_pForeign Fudgments Furisdiction
_cBy Sir Francis Piggott.
264 3 _aLondon :
_bButterworth & Co,
_c1908.
300 _a482 pages
_c24 cm
_billustrations,
336 _2rda content
_atext
337 _2rda media
_aComputer
338 _2rda carrier
_aOnline Resource
500 _aIN 3 PARTS PART 1. Foreign Judgments-Jurisdiction PART 11. Judgments in Rem-Status [ARTSIA FORN THE BRO TRITION OF FOREIGN JUDGMENTS, AND PARTIES OUT OF THE JURISDICTION.1 PART III. Parties out of the Jurisdiction BEING THE 2ND EDITION OF "BERVICE OUT OF THE JURISDICTION, "]
504 _aIncludes bibliographical references and index.
546 _aText in English
650 1 4 _aPrivate international law
_2qrmak
651 1 _2qrmak
856 4 0 _uhttps://fll.law.cu.edu.eg/fulltext/bks/B12-02217.pdf
905 _a48
942 _2ddc
_cBK
_e21
_n0
999 _c60411
_d60411